[Event "TUR-chT 2nd League"]
[Site "Konya"]
[Date "2018.07.16"]
[Round "1.6"]
[White "Kose, Ulya"]
[Black "Sahin, Sena"]
[Result "1-0"]
[WhiteElo "1579"]
[BlackElo "1267"]
[PlyCount "95"]
[EventDate "2018.07.16"]
[EventType "team-swiss"]
[EventRounds "9"]
[EventCountry "TUR"]
[SourceTitle "EXT 2019"]
[Source "ChessBase"]
[SourceDate "2018.10.10"]
[SourceVersion "1"]
[SourceVersionDate "2018.10.10"]
[SourceQuality "1"]
[WhiteTeam "Koroglu Dernegi"]
[BlackTeam "Maras Spor Kulubu"]
[WhiteTeamCountry "TUR"]
[BlackTeamCountry "TUR"]

1. e4 e5 2. Nf3 Nc6 3. Bb5 a6 4. Ba4 Nf6 5. 0-0 Be7 6. Re1 b5 7. Bb3 Bb7 8. h3 d6 9. c3 Nb8 10. Bc2 Nbd7 11. d4 exd4 12. cxd4 0-0 13. Nbd2 Re8 14. Nf1 Bf8 15. Ng3 g6 16. Nh2 Bg7 17. f4 Re7 18. a4 Qe8 19. Qd3 Nb6 20. a5 Nbd7 21. Bd2 Rd8 22. Rac1 c5 23. d5 Rc8 24. Nf3 Qd8 25. Nf1 c4 26. Qa3 Nc5 27. Ng3 Qe8 28. Qe3 Bxd5 29. Bc3 Rcc7 30. Qd4 Ne6 31. Qf2 Bc6 32. e5 dxe5 33. Bxe5 Rb7 34. f5 Bxf3 35. Qxf3 Nd4 36. Qf4 Nxc2 37. Rxc2 Nd5 38. Qf3 Rxe5 39. Rxe5 Qxe5 40. Re2 Qd6 41. Re8+ Bf8 42. Ne4 Qd7 43. Re5 f6 44. Rxd5 Qc6 45. fxg6 hxg6 46. Nxf6+ Kg7 47. Nh5+ gxh5 48. Rg5+ 1-0